Český jazyk pro 9. ročník ZŠ a příslušný ročník víceletých gymnázií. III. díl, Pracovní sešit - přehledy, tabulky, rozbory, cvičení /

Hlavní autor: Beránková, Eva
Další autoři: Bradáčová, Lenka, Horáčková, Miroslava
Jazyk: Čeština
Vydáno: Všeň : Alter, 2010
Vydání: Vyd. 2.
Témata:
Fyzický popis: 80 s. ; 23 cm
Knihy
Uloženo v:
LEADER 01845nam a2200481 a 4500
001 nkc20102113793
003 CZ PrNK
005 20231215140137.0
007 ta
008 100624s2010 xr c p 000 0 cze
015 |a cnb002113793 
020 |a 978-80-7245-230-9  |q (brož.) 
035 |a (OCoLC)791303681 
040 |a BOA001  |b cze  |d OLA001  |d ABA001 
072 7 |a 811.162.3  |x Čeština  |2 Konspekt  |9 11 
072 7 |a 37.016  |x Učební osnovy. Vyučovací předměty. Učebnice  |2 Konspekt  |9 22 
080 |a 811.162.3  |2 MRF 
080 |a 81'36  |2 MRF 
080 |a (075.2)  |2 MRF 
080 |a (076.1)  |2 MRF 
100 1 |a Beránková, Eva  |7 jn20001103786  |4 aut 
245 1 0 |a Český jazyk pro 9. ročník ZŠ a příslušný ročník víceletých gymnázií.  |n III. díl,  |p Pracovní sešit - přehledy, tabulky, rozbory, cvičení /  |c Eva Beránková, Lenka Bradáčová, Miroslava Horáčková 
246 3 0 |a Pracovní sešit - přehledy, tabulky, rozbory, cvičení 
246 1 4 |a Český jazyk 9 
250 |a Vyd. 2. 
260 |a Všeň :  |b Alter,  |c 2010 
300 |a 80 s. ;  |c 23 cm 
500 |a Pod názvem: učebnice pro vzdělávací obor Český jazyk a literatura 
650 0 7 |a čeština  |7 ph135292  |2 czenas 
650 0 7 |a mluvnice  |7 ph115331  |2 czenas 
650 0 9 |a Czech language  |2 eczenas 
650 0 9 |a grammar  |2 eczenas 
655 7 |a učebnice základních škol  |7 fd133773  |2 czenas 
655 7 |a pracovní sešity  |7 fd133116  |2 czenas 
655 9 |a textbooks (elementary)  |2 eczenas 
655 9 |a activity books  |2 eczenas 
700 1 |a Bradáčová, Lenka  |7 xx0038710  |4 aut 
700 1 |a Horáčková, Miroslava  |7 jn20001103789  |4 aut 
910 2 |a BOA001  |b 2-1277.288,3 
990 |a BK 
995 |a 01 
991 |b 201201  |e dn 
996 6 |b 2610494887  |c 2-1277.288,3  |l MZK  |r Sklad / do 1 hodiny  |n 2  |p p.v.  |w 001220306  |u 000010  |a 1  |e BOA001  |j MZK50  |s P